Land conservation and development (Record no. 48775)

MARC details
000 -LEADER
fixed length control field 01068nam a2200265 a 4500
008 - FIXED-LENGTH DATA ELEMENTS--GENERAL INFORMATION
fixed length control field 120416s1984 ||||||||||||||||| || u
020 ## - INTERNATIONAL STANDARD BOOK NUMBER
International Standard Book Number 0444422536
050 ## - LIBRARY OF CONGRESS CALL NUMBER
Classification number HD 108.6 Lan
100 ## - MAIN ENTRY--PERSONAL NAME
Personal name Steiner, Frederick R
245 10 - TITLE STATEMENT
Title Land conservation and development
Statement of responsibility, etc. edited by F.K. Steiner
246 ## - VARYING FORM OF TITLE
Title proper/short title examples of land-use planning projects and programs
260 ## - PUBLICATION, DISTRIBUTION, ETC.
Place of publication, distribution, etc. Amsterdam
Name of publisher, distributor, etc. Elsevier Distributors for the U.S. and Canada, Elsevier Science Pub. Co
Date of publication, distribution, etc. 1984
300 ## - PHYSICAL DESCRIPTION
Extent x, 481p. : ill.
350 ## - PRICE (NR) (BK AM CF MU VM SE) [OBSOLETE]
Price 0.00
490 ## - SERIES STATEMENT
Series statement Developments in landscape management and urban planning
490 ## - SERIES STATEMENT
Volume/sequential designation 6B
500 ## - GENERAL NOTE
General note Includes bibliographies and index.
650 ## - SUBJECT ADDED ENTRY--TOPICAL TERM
Topical term or geographic name entry element Land use--Planning--Case studies
650 ## - SUBJECT ADDED ENTRY--TOPICAL TERM
Topical term or geographic name entry element Nature conservation--Case studies
650 ## - SUBJECT ADDED ENTRY--TOPICAL TERM
Topical term or geographic name entry element Soil conservation--Case studies
650 ## - SUBJECT ADDED ENTRY--TOPICAL TERM
Topical term or geographic name entry element PLANNING
650 ## - SUBJECT ADDED ENTRY--TOPICAL TERM
Topical term or geographic name entry element Industrial sites--Planning--Case studies
700 ## - ADDED ENTRY--PERSONAL NAME
Personal name Lier, H. N. van
995 ## - RECOMMENDATION 995 [LOCAL, UNIMARC FRANCE]
-- 0.00
-- CBU-MAIN LIBRARY (Kitwe)
-- 1
-- 76.47
-- 1
-- AVAILABLE
-- Main Library Open Access Collection
Holdings
Withdrawn status Lost status Source of classification or shelving scheme Damaged status Not for loan Home library Current library Shelving location Date acquired Total Checkouts Full call number Barcode Date last seen Price effective from Koha item type
          CBU-MAIN LIBRARY, KITWE. CBU-MAIN LIBRARY, KITWE.   11/30/2022   HD 108.6 Lan 004709 11/30/2022 11/30/2022 MONOGRAPH